World Series Cricket 1977-1979 West Indies Players - Statistics

General Stats
  • This quiz has been taken 76 times
  • The average score is 10 of 17
Answer Stats
Players Name % Correct
Viv Richards
100%
Clive Lloyd
97%
Gordon Greenidge
92%
Michael Holding
92%
Joel Garner
90%
Andy Roberts
84%
Desmond Haynes
84%
Deryck Murray
72%
Colin Croft
61%
Lawrence Rowe
52%
Roy Fredericks
52%
Collis King
43%
Wayne Daniel
30%
Albert Padmore
26%
Richard Austin
25%
David Holford
13%
Jim Allen
10%
No matching quizzes found
Score Distribution
Percent of People with Each Score
Percentile by Number Answered
Your Score History
You have not taken this quiz